Normal view
MARC view
Entry Topical Term
001 - CONTROL NUMBER
- control field: 29548
003 - CONTROL NUMBER IDENTIFIER
- control field: ARRUPE
005 - DATE AND TIME OF LATEST TRANSACTION
- control field: 20170322115854.0
008 - FIXED-LENGTH DATA ELEMENTS
- fixed length control field: 170322|| aca||aabn | a|a d
040 ## - CATALOGING SOURCE
- Original cataloging agency: ARRUPE
- Transcribing agency: ARRUPE
150 ## - HEADING--TOPICAL TERM
- Topical term or geographic name as entry element: Women
- General subdivision: Economic conditions
- Geographic subdivision: Africa southern
670 ## - SOURCE DATA FOUND
- Source citation: Work cat.: (ARRUPE): Beijing at10 : Women of southern Africa voices, 2005